000 00356nam a2200145Ia 4500
008 230917s9999||||xx |||||||||||||| ||und||
040 _e106283
_aMAIN
041 _aEnglish
082 _a005.73 H785F
100 _aHorowitz, Ellis
245 0 _aFundamentals of data structures
260 _aNew Delhi
_bGalgotia
_c1976
300 _a564 p.
942 _cBK
999 _c128935
_d128935